00330pam a2200121 a 4500020001700000082001700017100001900034245005500053250001200108260003900120300002600159650002300185 a0205087523 :00a547.0724 AUL1 aAult, Addison.10aTechniques and experiments for organic chemistry / a6th ed. aBoston :bAllyn and Bacon,cc1987. axvi, 541 p. :bill. ; 0aChemistry, Organic